Thiết kế cơ khí với AutoCAD Mechanical

Kaydedildi:
Detaylı Bibliyografya
Yazar: Nguyễn, Hữu Lộc
Materyal Türü: Kitap
Dil:Undetermined
Baskı/Yayın Bilgisi: 2007
Konular:
Etiketler: Etiketle
Etiket eklenmemiş, İlk siz ekleyin!
Thư viện lưu trữ: Trung tâm Học liệu Trường Đại học Cần Thơ
LEADER 00548nam a2200169Ia 4500
001 CTU_121914
008 210402s9999 xx 000 0 und d
082 |a 620.00420285 
082 |b L451 
100 |a Nguyễn, Hữu Lộc 
245 0 |a Thiết kế cơ khí với AutoCAD Mechanical 
245 0 |c Nguyễn Hữu Lộc 
260 |c 2007 
650 |a Computer graphics,AutoCAD.,Engineering design,Mechanical drawing 
650 |x Data processing 
904 |i Minh 
980 |a Trung tâm Học liệu Trường Đại học Cần Thơ